| 000 | 01488nam0a2200361 4500 | ||
|---|---|---|---|
| 001 | RU\NLR\BIBL_A\022588653 | ||
| 005 | 20260420051122.0 | ||
| 010 |
_a978-5-4335-1200-9 _92000 |
||
| 021 |
_aRU _bКН-П-25-031444 _9КН-П-25-3112 |
||
| 035 | _a(NLR Aleph) 022588653 | ||
| 090 |
_a13678890 _c13678890 |
||
| 100 | _a20250722d2025 b y0rusy50 ca | ||
| 101 | 1 |
_arus _cdut |
|
| 102 | _aRU | ||
| 105 | _aa z 000ay | ||
| 181 | 0 |
_ab3 _bxb2e |
|
| 181 | 0 |
_ai1 _bxxxe |
|
| 182 | 0 | _an | |
| 200 | 1 |
_aТайная миссия Плюшевого Мишки _e[сказка _eдля детей дошкольного возраста] _fЭллен Деланж, Малгося Заяц _g[перевод с нидерландского Дарьи Налепиной] |
|
| 203 |
_aИзображение _aТекст _bвизуальные _cнепосредственные |
||
| 210 |
_aМосква _cНигма _d2025 |
||
| 215 |
_a[41] с. _cцв. ил. _d28 |
||
| 300 | _aНад вып. дан.: авт.: Эллен Деланж, ил. Малгоси Заяц | ||
| 333 | _a0+ | ||
| 686 | 0 | _aШ9(4Н)60-4 | |
| 700 | 1 |
_7ca _8rus _aДеланж _bЭ. _gЭллен _9252913 _3RU\NLR\AUTH\770252969 |
|
| 701 | 1 |
_4440 _7ca _8rus _aЗаяц _bМ. _cхудожник _gМалгожата _9251033 _3RU\NLR\AUTH\770251089 |
|
| 942 | _cBOOK | ||
| 980 | _aNB | ||